|
|
|
|
| LEADER |
00000nab#a22000007a#4500 |
| 001 |
arbauad000664 |
| 003 |
AR-BaUAD |
| 005 |
20250711110408.0 |
| 008 |
930608|||||||||###||||||b###|0###a|spa|| |
| 040 |
|
|
|a AR-BaUAD
|c AR-BaUAD
|b spa
|
| 245 |
1 |
0 |
|a Review lan Wood on cars and character
|
| 300 |
0 |
|
|b fot.
|
| 653 |
|
|
|a MEDIOS DE TRANSPORTE
|
| 653 |
|
|
|a AUTOMOVILES
|
| 653 |
|
|
|a DISEÑO INDUSTRIAL
|
| 773 |
0 |
|
|t Design
|g [mayo 1993], p. 42-44
|
| 942 |
|
|
|c ARTI
|
| 952 |
|
|
|0 0
|1 0
|4 0
|7 0
|9 45585
|a AR-BAuAD
|b AR-BAuAD
|d 2025-07-11
|l 0
|p AAQA000664
|r 2025-07-11 11:04:08
|w 2025-07-11
|y ARTI
|
| 990 |
|
|
|a DI199
|b TD
|
| 998 |
|
|
|a AAQ
|b BIBUN76
|
| 999 |
|
|
|c 25258
|d 25258
|